Lễ cấp sắc của người Dao ở Việt Nam

Nội dung sách giới thiệu tổng quan tình hình nghiên cứu về lễ cấp sắc của người Dao ở Việt Nam. Lễ cấp sắc 3 đèn trong gia đình, lễ cấp sắc 12 đèn của dòng họ ở người Dao Tiền. Lễ cấp sắc của người Dao Tiền và vấn đề bảo tồn...

Descrizione completa

Salvato in:
Dettagli Bibliografici
Autore principale: Bàn, Tuấn Năng
Natura: Libro
Lingua:Undetermined
Pubblicazione: Hà Nội Văn hóa Dân tộc 2019
Soggetti:
Tags: Aggiungi Tag
Nessun Tag, puoi essere il primo ad aggiungerne! !
Thư viện lưu trữ: Trung tâm Học liệu Trường Đại học Cần Thơ
LEADER 01038nam a2200205Ia 4500
001 CTU_236840
008 210402s9999 xx 000 0 und d
082 |a 390.09597 
082 |b N116 
100 |a Bàn, Tuấn Năng 
245 0 |a Lễ cấp sắc của người Dao ở Việt Nam 
245 0 |c Bàn Tuấn Năng 
260 |a Hà Nội 
260 |b Văn hóa Dân tộc 
260 |c 2019 
520 |a Nội dung sách giới thiệu tổng quan tình hình nghiên cứu về lễ cấp sắc của người Dao ở Việt Nam. Lễ cấp sắc 3 đèn trong gia đình, lễ cấp sắc 12 đèn của dòng họ ở người Dao Tiền. Lễ cấp sắc của người Dao Tiền và vấn đề bảo tồn giá trị văn hóa dân tộc. 
650 |a Phong tục tập quán,Manners and customs 
650 |z Việt Nam,Vietnam 
910 |b dqhieu 
980 |a Trung tâm Học liệu Trường Đại học Cần Thơ